|
|
|
|
| LEADER |
00000cam a2200000 a 4500 |
| 001 |
60594 |
| 003 |
CZ-ZlUTB |
| 005 |
20240829144251.0 |
| 007 |
ta |
| 008 |
041011s1980 gw a f 001 0 ger d |
| 020 |
|
|
|a 3540098488
|q (váz.)
|
| 040 |
|
|
|a CBA001
|b cze
|d ZLD002
|
| 072 |
|
7 |
|a 621.3
|x Elektrotechnika
|2 Konspekt
|9 19
|
| 080 |
|
|
|a 620.2:621.3
|2 MRF
|
| 080 |
|
|
|a 621.382
|2 MRF
|
| 080 |
|
|
|a 621.316.53/.57
|2 MRF
|
| 080 |
|
|
|a (035)
|2 MRF
|
| 100 |
1 |
|
|a Tietze, Ulrich,
|d 1946-
|7 stk2008461651
|4 aut
|
| 245 |
1 |
0 |
|a Halbleiter-Schaltungstechnik /
|c U.Tietze, Ch. Schenk
|
| 250 |
|
|
|a 5., überarb. Aufl.
|
| 260 |
|
|
|a Berlin :
|b Springer Verlag,
|c 1980
|
| 300 |
|
|
|a xii, 734 s. :
|b il. ;
|c 24 cm
|
| 504 |
|
|
|a Obsahuje bibliografii a rejstřík
|
| 650 |
0 |
7 |
|a elektrotechnické materiály
|7 ph114457
|2 czenas
|
| 650 |
0 |
7 |
|a polovodičové součástky
|7 ph115802
|2 czenas
|
| 650 |
0 |
7 |
|a spínače
|7 ph125986
|2 czenas
|
| 650 |
0 |
9 |
|a electrotechnical materials
|2 eczenas
|
| 650 |
0 |
9 |
|a semiconductor components
|2 eczenas
|
| 650 |
0 |
9 |
|a switching devices
|2 eczenas
|
| 655 |
|
7 |
|a příručky
|7 fd133209
|2 czenas
|
| 655 |
|
9 |
|a handbooks, manuals, etc
|2 eczenas
|
| 700 |
1 |
|
|a Schenk, Christoph,
|d 1945-
|7 stk2008461652
|4 oth
|
| 910 |
|
|
|a ZLD002
|
| 952 |
|
|
|0 0
|1 0
|4 0
|6 62138TIETZEU
|7 0
|8 BOOK
|9 110925
|a UTBZL
|b UTBZL
|c 030
|d 2011-08-03
|l 0
|o 621.38/TIETZE,U.
|p 420010139508
|r 2019-08-26 00:00:00
|v 620.00
|w 2019-08-26
|x N: převod SPUR; | 20100531
|y 05
|
| 990 |
|
|
|a SPUR
|
| 992 |
|
|
|a BK
|b SK
|c SPUR
|
| 998 |
|
|
|a 003197350
|
| 999 |
|
|
|c 60594
|d 60594
|